Random Country Capitals - Statistics

General Stats
  • This quiz has been taken 22 times
  • The average score is 14 of 15
Answer Stats
Hint Answer % Correct
China Beijing
100%
Germany Berlin
100%
Brazil Brasilia
100%
Australia Canberra
100%
Peru Lima
100%
Uk London
100%
Ethiopia Addis Ababa
95%
Turkey Ankara
95%
Argentina Buenos Aires
95%
Israel Jerusalem
95%
Afghanistan Kabul
95%
Monaco Monaco
95%
Russia Moscow
95%
Kenya Nairobi
89%
Mongolia Ulaanbaatar
84%
No matching quizzes found
Score Distribution
Percent of People with Each Score
Percentile by Number Answered
Your Score History
You have not taken this quiz